Grand Band Quiz: TOOL - Statistics

General Stats
  • This quiz has been taken 98 times
  • The average score is 39 of 56
Answer Stats
Hint Answer % Correct
band member Maynard James Keenan
98%
Tool song starting with # 4°, 7empest, 10,000 Days
96%
When was the band formed (year)? 1990
93%
year of release 1996
93%
How many Grammy Awards has Tool won? Three
93%
album 10,000 Days
89%
year of release 1992
89%
year of release 1993
89%
year of release 2001
89%
year of release 2006
89%
year of release 2019
89%
band member Danny Carey
89%
first 'non-demo' release, EP Opiate
89%
Tool song starting with O Opiate
89%
album Undertow
89%
Tool song starting with U Undertow...
89%
album Lateralus
88%
Tool song starting with L Los Angeles Municipal Court...
88%
Tool song starting with F Forty Six & 2, Flood...
87%
band member Adam Jones
85%
album Fear Inoculum
85%
band member Justin Chancellor
85%
album Ænima
84%
Name any of the vocalist's other bands Puscifer, A Perfect Circle...
84%
Tool song starting with P Pushit, Pneuma, Parabola...
82%
Tool song starting with A/Æ Ænema
76%
Tool song starting with S Sweat, Sober, Stinkfist...
76%
Tool song starting with H Hush, H., Hooker with a P...
75%
Tool song starting with J Jambi, Jimmy, Jerk-O...
74%
Name either of the other two releases (excluding singles) Salival & 72826
71%
Where was the band formed (city)? Los Angeles
69%
Tool song starting with V Vicarious, Viginti Tres
69%
Tool song starting with R Rosetta Stoned, Reflection...
68%
Tool song starting with C Cold and Ugly, Crawl Away...
67%
Tool often uses unusual t___ sig_____ in their songs time signatures
67%
Tool song starting with D Disgustipated, Descending...
66%
Tool song starting with I Intolerance, Invincible...
66%
Tool song starting with M Merkaba, Message to Harry...
65%
ex-band member Paul D'Amour
64%
Tool song starting with G Grudge, the; Gaping Lotus...
60%
Tool song starting with T Third Eye, Ticks & Leeches...
60%
Tool song starting with B Bottom
59%
Tool song starting with E Eulogy, Eon Blue Apocal...
56%
Which stand up comedian was featured on a Tool album? Bill Hicks
51%
Where was the vocalist born in? (state or town) Ravenna, Ohio
51%
Where was the bassist born in? (city or country) London, England (UK)
47%
Before Tool got big, who did they open for? (7 bands) Primus, Rage Against...
44%
Name any of the drummer's other bands Volto!, Pigmy Love Circus...
42%
Tool song starting with W Wings for Marie
42%
Tool song starting with N No Quarter (cover on Salival)
34%
Which labels originally released a Tool album? Volcano, Zoo, RCA...
33%
Where was the guitarist born in? (state or town) Park Ridge, Illinois
29%
Name any of the bassist's other bands Peach
29%
Where was the drummer born in? (state or town) Lawrence, Kansas
28%
Tool song starting with Y You Lied (cover on Salival)
21%
Name any of the guitarist's other bands Electric Sheep
14%
No matching quizzes found
Score Distribution
Percent of People with Each Score
Percentile by Number Answered
Your Score History
You have not taken this quiz